00664 2200217 4500001002100000005001500021035002000036007000300056008004100059020002200100082001600122084002200138100001900160245006600179250002000245260006800265300003200333650003700365650002600402856001800428INLIS00000000000005220250710115403 a0010-0725000052ta250710 a 0 ind  a978-623-307-625-8 a398.209 597 a398.209 597 HA, l0 aHa, Vu Thi Kim1 aLegenda Pahlawan Vietnam :bTrung Bersaudara /cVu Thi Kim Ha aCetakan Pertama aBadan Pengembangan dan Pembinaan Bahasa :bJakarta Timur,c2024 a12 hlm. :bilus. ;c22,9 cm 4aCerita Anak Indonesia-Terjemahan 4aLiterasi-Bahan Bacaan aTBM As Suhada